| 000 | 01013nam a22003137a 4500 | ||
|---|---|---|---|
| 003 | CHAP | ||
| 005 | 20220329135845.0 | ||
| 008 | 971013s1991 r 00010 d | ||
| 010 | _a43392 | ||
| 011 | _a44364 | ||
| 035 | _a48502 | ||
| 040 | _cCHAP | ||
| 082 |
_a005.1 _bN4 |
||
| 100 | 0 | 0 |
_aNerode, Anil _eed. _980888 |
| 245 |
_aLogic programming and non-monotonic reasoning _b: proceedings of the First International Workshop |
||
| 260 |
_aCambridge, Mass. : _bMIT, _c1991 |
||
| 300 | _a288 p. | ||
| 590 |
_aBATCH-UPD _b10 _c20130110 _lUCH01 _h2054 |
||
| 590 |
_aBATCH-UPD _b10 _c20130410 _lUCH01 _h1408 |
||
| 590 |
_aBATCH-UPD _b10 _c20130914 _lUCH01 _h1801 |
||
| 590 |
_aCONVERSION _b10 _c20130109 _lUCH01 _h1324 |
||
| 650 | 1 | 4 |
_aProgramación lógica. _992373 |
| 650 | 1 | 4 |
_aRazonamiento. _994903 |
| 700 | 0 |
_aMarek, Wiktor _eed. _971323 |
|
| 700 | 0 |
_aSubrahmanian, V. S. _eed. _9110152 |
|
| 901 | _aBK | ||
| 942 | _cLIBRO | ||
| 949 |
_a005.1 N4 _bBC _cLIBRO _d33724000009437 _eLIBRO _gI.169857 _h89206 _i48502 _si _t135.77 |
||
| 999 |
_c43392 _d43392 |
||